La revolución de los derechos: abogados, activistas y cortes supremas en perspectiva comparada

محفوظ في:
التفاصيل البيبلوغرافية
المؤلف الرئيسي: Epp, Charles R (مؤلف)
التنسيق: كتاب
اللغة:الإسبانية
منشور في: Buenos Aires Siglo Veintiuno Editores 2013
الطبعة:1a. ed
سلاسل:Derecho y Política
الموضوعات:
الوسوم: إضافة وسم
لا توجد وسوم, كن أول من يضع وسما على هذه التسجيلة!

MARC

LEADER 00000cam a2200000 a 4500
001 UCF9274
003 CL-VaPUC
008 131111e20130000ag |||||||||||||||||spa|d
020 |a 9789876293020 
082 0 4 |a 340  |b EPP  |2 21 
100 0 |a Epp, Charles R  |e author  |9 571557 
245 1 3 |a La revolución de los derechos: abogados, activistas y cortes supremas en perspectiva comparada 
250 |a 1a. ed 
300 |a 368 p 
942 |c BK 
945 |d 20131111 15:03:00  |a dcastane 
260 |a Buenos Aires  |b Siglo Veintiuno Editores  |c 2013 
600 0 7 |a CORTE SUPREMA  |2 CL-VaPUC  |9 389044 
650 0 |a Filosofía del derecho   |9 255050 
650 0 |a Historia del derecho  |9 255109 
583 |a last modification  |c 20131111 15:03:00  |k Rodrigo Vera 
490 0 |a Derecho y Política 
999 |c 353747  |d 353745 
952 |0 0  |1 0  |3 erb  |4 0  |6 340_000000000000000_EPP_2013  |7 0  |8 A  |9 459121  |a BIBDER  |b BIBDER  |d 2019-11-23  |i 5025508  |o 340 EPP 2013  |p 5025508  |r 2023-01-25  |w 2019-11-23  |y BK  |z Catalogado en:20131111  |k DER